Statistiken für Außenminister der Bundesrepublik Deutschland

Klicken Sie hier um das Quiz zu spielen!

Allgemein

  • Dieses Quiz wurde 273 mal gespielt
    (164 seit der letzten Aktualisierung)
  • Das Durchschnittsergebnis liegt bei 9 aus 14

Antwortstatistiken

AmtszeitParteiAußenminister% Korrekt
seit 2021GrüneAnnalena Baerbock
94%
1998-2005GrüneJoschka Fischer
84%
1974-1992FDPHans-Dietrich Genscher
80%
2009-2013FDPGuido Westerwelle
78%
2018-2021SPDHeiko Maas
77%
2005-2009SPDFrank-Walter Steinmeier
72%
2013-2017SPDFrank-Walter Steinmeier
72%
1966-1969SPDWilly Brandt
64%
2017-2018SPDSigmar Gabriel
59%
1969-1974FDPWalter Scheel
56%
1951-1955CDUKonrad Adenauer
54%
1992-1998FDPKlaus Kinkel
47%
1961-1966CDUGerhard Schröder
41%
1955-1961CDUHeinrich von Brentano
16%

Verteilung der Resultate

Perzentil nach korrekt beantworteten Fragen

Anzahl Personen mit jedem Resultat

Ihre Resultats-Entwicklung

Sie haben dieses Quiz seit der letzten Aktualisierung nicht gespielt